00793nam a22002777a 4500003000400000005001700004008004100021020001500062040002400077082001700101100003200118245006900150260004600219300003200265650001900297650001800316651001100334700002600345700002300371700002400394700001900418700002700437700002200464942001400486999001500500OSt20260514103214.0260514b |||||||| |||| 00| 0 eng d a0333520238 aKABLIBbengcKABLIB 223a428bBUG aBugembe J.B.eauthor915806 aThe Nile English Course :bPupil's Book 6/cJ.B Bugembe et al... aLondon :bMacmillan Education Ltd.cC1971 a261 p.;bill, (col)c27 cm. aWriting914717 aSpeech914712 aUganda aHemphill R.J. 915807 aHinkley V.A915808 aMayerson P.S915809 aMusis C915810 aNyakato Dorothy915811 aWolfgang M915812 2ddccBOOK c6216d6216